000 00523nam a2200217Ia 4500
003 OSt
005 20220928141042.0
006 a|||||r|||| 00| 0
007 ta
008 220927b |||||||| |||| 00| 0 eng d
024 _a13178
037 _cTextual
040 _aSDCL
_cSDCL
_beng
041 _2eng
_aeng
082 _aO-,6M851x, L3
100 _aPound Ezra
245 0 _aSelected prose 1909-1965.
260 _c1973
942 _hO-,6M851x, L3
_cTEXL
_2CC
999 _c815587
_d815587